[Event "CRO-chT2 West"]
[Site "Rijeka"]
[Date "2020.10.25"]
[Round "8.2"]
[White "Bulic, Domagoj"]
[Black "Tomic, Boris"]
[Result "1-0"]
[WhiteElo "2149"]
[BlackElo "2081"]
[PlyCount "59"]
[EventDate "2020.09.12"]
[EventType "team-tourn"]
[EventRounds "9"]
[EventCountry "CRO"]
[SourceTitle "EXT 2022"]
[Source "ChessBase"]
[SourceDate "2021.10.06"]
[SourceVersion "1"]
[SourceVersionDate "2021.10.06"]
[SourceQuality "1"]
[WhiteTeam "Buje"]
[BlackTeam "Mali Losinj"]
[WhiteTeamCountry "CRO"]
[BlackTeamCountry "CRO"]

1. c4 c5 2. Nc3 Nc6 3. e4 g6 4. d3 Bg7 5. f4 d6 6. Nf3 Bg4 7. Be2 e6 8. 0-0 Nge7 9. Be3 Rb8 10. Qd2 Bxf3 11. Bxf3 Nd4 12. Kh1 Nec6 13. Rae1 0-0 14. Bd1 a6 15. g4 f5 16. Qg2 Nb4 17. Qd2 b5 18. cxb5 axb5 19. Bxd4 cxd4 20. Ne2 Na6 21. Ng3 fxe4 22. Nxe4 h6 23. Ng3 Qd7 24. f5 exf5 25. gxf5 gxf5 26. Nh5 Nc5 27. b4 Ne6 28. Qg2 Kh7 29. Rxe6 Be5 30. Qg6+ 1-0

[Event "CRO-chT2 West"]
[Site "Rijeka"]
[Date "2020.10.10"]
[Round "4.2"]
[White "Bulic, Domagoj"]
[Black "Klobucar, Dean"]
[Result "1-0"]
[WhiteElo "2149"]
[BlackElo "2173"]
[PlyCount "59"]
[EventDate "2020.09.12"]
[EventType "team-tourn"]
[EventRounds "9"]
[EventCountry "CRO"]
[SourceTitle "EXT 2022"]
[Source "ChessBase"]
[SourceDate "2021.10.06"]
[SourceVersion "1"]
[SourceVersionDate "2021.10.06"]
[SourceQuality "1"]
[WhiteTeam "Buje"]
[BlackTeam "Rijeka II"]
[WhiteTeamCountry "CRO"]
[BlackTeamCountry "CRO"]

1. c4 Nf6 2. Nc3 g6 3. e4 d6 4. d3 Bg7 5. f4 0-0 6. Nf3 c5 7. Be2 Nc6 8. 0-0 Bg4 9. h3 Bxf3 10. Bxf3 Nd4 11. Be3 Nxf3+ 12. Rxf3 a6 13. Qd2 Qa5 14. f5 b5 15. Bh6 bxc4 16. dxc4 Qb4 17. Bxg7 Kxg7 18. b3 Rad8 19. Raf1 a5 20. Qe3 Qb8 21. g4 Rde8 22. g5 Ng8 23. Nd5 h6 24. gxh6+ Nxh6 25. Nxe7 gxf5 26. Rg3+ Kh7 27. Nxf5 Re6 28. Nxh6 Rxh6 29. Qg5 Rg6 30. Rxf7+ 1-0

[Event "CRO-chT2 West"]
[Site "Rijeka"]
[Date "2020.09.13"]
[Round "2.2"]
[White "Bulic, Domagoj"]
[Black "Savic, Miroslav"]
[Result "1/2-1/2"]
[WhiteElo "2149"]
[BlackElo "2216"]
[PlyCount "111"]
[EventDate "2020.09.12"]
[EventType "team-tourn"]
[EventRounds "9"]
[EventCountry "CRO"]
[SourceTitle "EXT 2022"]
[Source "ChessBase"]
[SourceDate "2021.10.06"]
[SourceVersion "1"]
[SourceVersionDate "2021.10.06"]
[SourceQuality "1"]
[WhiteTeam "Buje"]
[BlackTeam "Senj Velebit"]
[WhiteTeamCountry "CRO"]
[BlackTeamCountry "CRO"]

1. c4 e5 2. Nc3 Nc6 3. e4 Nf6 4. d3 Bb4 5. a3 Bxc3+ 6. bxc3 d6 7. f4 Qe7 8. Be2 a6 9. Nf3 Bg4 10. 0-0 0-0 11. f5 b5 12. h3 Bxf3 13. Bxf3 Nd7 14. cxb5 axb5 15. Rb1 Rab8 16. Qe1 Kh8 17. Kh1 g5 18. f6 Nxf6 19. Bxg5 Qe6 20. Qh4 Ng8 21. Bg4 Qg6 22. Bd7 f6 23. Bxf6+ Nxf6 24. Bxc6 Nh5 25. g4 Rxf1+ 26. Rxf1 Nf4 27. Rf3 Qg7 28. g5 Qe7 29. Qg4 Rg8 30. h4 h5 31. Qd7 Qxd7 32. Bxd7 Ra8 33. d4 Rxa3 34. dxe5 dxe5 35. Bxb5 Rb3 36. Be8 Kg7 37. Kg1 Rb1+ 38. Rf1 Rb8 39. Bd7 Ng6 40. Rf6 Nxh4 41. Rc6 Nf3+ 42. Kf2 Nxg5 43. Bf5 Nf7 44. Rxc7 Kf6 45. Kg3 Rb6 46. Kh4 Nd6 47. Bh7 Rb1 48. Kxh5 Re1 49. Kg4 Nxe4 50. Rc6+ Ke7 51. Bxe4 Rxe4+ 52. Kf5 Re3 53. c4 Kd7 54. Rc5 Kd6 55. Rd5+ Kc6 56. Rxe5 1/2-1/2

[Event "CRO-chT2 West"]
[Site "Croatia"]
[Date "2015.02.22"]
[Round "3.2"]
[White "Bulic, Domagoj"]
[Black "Tirkajla, Boris"]
[Result "1-0"]
[WhiteElo "2181"]
[BlackElo "2120"]
[PlyCount "51"]
[EventDate "2015.02.21"]
[EventType "team-tourn"]
[EventRounds "9"]
[EventCountry "CRO"]
[SourceTitle "EXT 2016"]
[Source "ChessBase"]
[SourceDate "2015.10.08"]
[SourceVersion "1"]
[SourceVersionDate "2015.10.08"]
[SourceQuality "1"]
[WhiteTeam "Buje"]
[BlackTeam "Mali Losinj"]
[WhiteTeamCountry "CRO"]
[BlackTeamCountry "CRO"]

1. c4 g6 2. Nc3 Bg7 3. e4 d6 4. d3 e5 5. g3 Ne7 6. Bg2 Nbc6 7. Be3 0-0 8. Qd2 Nd4 9. Nge2 Nxe2 10. Nxe2 Be6 11. b3 c6 12. Rd1 d5 13. cxd5 cxd5 14. d4 dxe4 15. dxe5 b6 16. Bxe4 Bxe5 17. Qb4 Qe8 18. Bh6 Bg7 19. Bxg7 Kxg7 20. Bxa8 Qxa8 21. Qc3+ Kg8 22. f3 Rc8 23. Qe3 Bd5 24. Qxe7 Bxf3 25. 0-0 Re8 26. Qf6 1-0

[Event "CRO-chT2 West"]
[Site "Rijeka"]
[Date "2012.04.21"]
[Round "4.53"]
[White "Bulic, Domagoj"]
[Black "Brenc, Tomislav"]
[Result "1-0"]
[WhiteElo "2168"]
[BlackElo "2045"]
[PlyCount "77"]
[EventDate "2012.03.17"]
[EventType "team-tourn"]
[EventRounds "9"]
[EventCountry "CRO"]
[SourceTitle "EXT 2013"]
[Source "ChessBase"]
[SourceDate "2012.11.22"]
[SourceVersion "1"]
[SourceVersionDate "2012.11.22"]
[SourceQuality "1"]

1. c4 f5 2. Nc3 Nf6 3. d3 g6 4. e4 d6 5. f4 Bg7 6. Nf3 fxe4 7. dxe4 0-0 8. Bd3 Nc6 9. 0-0 Nh5 10. f5 e6 11. Bg5 Bf6 12. Bh6 Bg7 13. Bxg7 Kxg7 14. fxg6 hxg6 15. e5 Nf4 16. Be4 Qe7 17. g3 d5 18. gxf4 dxe4 19. Ng5 b6 20. Ncxe4 Bb7 21. Qg4 Nd4 22. Rad1 Nf5 23. Rd3 Rh8 24. Rfd1 Bc6 25. a3 Rh4 26. Qf3 Rah8 27. R1d2 R8h5 28. Rg2 Rxg5 29. Rxg5 Bxe4 30. Rxg6+ Kxg6 31. Qxe4 Qc5+ 32. Kg2 Rg4+ 33. Rg3 Rxg3+ 34. hxg3 Qe3 35. Qf3 Qd2+ 36. Kh3 Qxb2 37. Qc6 Nd4 38. Qd7 Kf5 39. Qh7# 1-0

[Event "CRO-chT2 West"]
[Site "Rijeka"]
[Date "2012.03.18"]
[Round "3.13"]
[White "Bulic, Domagoj"]
[Black "Ugulin, Silvano"]
[Result "1-0"]
[WhiteElo "2168"]
[BlackElo "2122"]
[PlyCount "73"]
[EventDate "2012.03.17"]
[EventType "team-tourn"]
[EventRounds "9"]
[EventCountry "CRO"]
[SourceTitle "EXT 2013"]
[Source "ChessBase"]
[SourceDate "2012.11.22"]
[SourceVersion "1"]
[SourceVersionDate "2012.11.22"]
[SourceQuality "1"]

1. c4 e6 2. Nc3 d5 3. d4 Nf6 4. Bf4 c6 5. e3 Nbd7 6. Nf3 Qa5 7. Bd3 dxc4 8. Bxc4 Nd5 9. Bxd5 exd5 10. 0-0 Be7 11. h3 0-0 12. Qb3 Nf6 13. Rfe1 Qb6 14. Qc2 g6 15. Bh6 Re8 16. Ne5 Bf5 17. Qe2 Nd7 18. Nxd7 Bxd7 19. Na4 Qa5 20. b3 b5 21. Nc5 Bxc5 22. dxc5 f6 23. Qb2 Qd8 24. Bf4 g5 25. Bg3 Bf5 26. a4 bxa4 27. Rxa4 Bd3 28. h4 Qe7 29. hxg5 fxg5 30. Bd6 Qg7 31. Qd2 Bb5 32. Rg4 Re4 33. Rg3 h5 34. f3 h4 35. fxe4 hxg3 36. exd5 Qf6 37. Bxg3 1-0

[Event "CRO-chT2 West"]
[Site "Rijeka"]
[Date "2012.03.17"]
[Round "1.23"]
[White "Bulic, Domagoj"]
[Black "Tomic, Boris"]
[Result "1-0"]
[WhiteElo "2168"]
[BlackElo "2101"]
[PlyCount "79"]
[EventDate "2012.03.17"]
[EventType "team-tourn"]
[EventRounds "9"]
[EventCountry "CRO"]
[SourceTitle "EXT 2013"]
[Source "ChessBase"]
[SourceDate "2012.11.22"]
[SourceVersion "1"]
[SourceVersionDate "2012.11.22"]
[SourceQuality "1"]

1. c4 c6 2. Nc3 d5 3. cxd5 cxd5 4. d4 Nc6 5. Bf4 e6 6. e3 Bd6 7. Bg3 Nf6 8. Rc1 a6 9. Bd3 Bxg3 10. hxg3 e5 11. dxe5 Nxe5 12. Bb1 Nc6 13. Nge2 Bg4 14. Qb3 Bxe2 15. Nxe2 Qe7 16. 0-0 0-0 17. Rfd1 Rac8 18. Nc3 Rfd8 19. Nxd5 Nxd5 20. Rxd5 Rxd5 21. Qxd5 Rd8 22. Qe4 Qxe4 23. Bxe4 Rd6 24. Kf1 g6 25. Bxc6 bxc6 26. Ke2 Kg7 27. Rc5 Kf6 28. Ra5 c5 29. Rxc5 Rb6 30. b3 Ke6 31. g4 h6 32. Kd3 Rd6+ 33. Kc2 Rb6 34. a3 Kd6 35. b4 Rb7 36. Kc3 Re7 37. Kd4 Rb7 38. e4 Ra7 39. Ra5 Ke6 40. Ke3 1-0

[Event "CRO-chT2 West"]
[Site "Croatia"]
[Date "2010.10.23"]
[Round "7.11"]
[White "Bulic, Domagoj"]
[Black "Tomic, Boris"]
[Result "1/2-1/2"]
[WhiteElo "2181"]
[BlackElo "2078"]
[PlyCount "39"]
[EventDate "2010.03.27"]
[EventType "team-tourn"]
[EventRounds "9"]
[EventCountry "CRO"]
[SourceTitle "EXT 2012"]
[Source "ChessBase"]
[SourceDate "2011.11.24"]
[SourceVersion "1"]
[SourceVersionDate "2011.11.24"]
[SourceQuality "1"]

1. c4 e6 2. Nc3 Nf6 3. d4 Bb4 4. e3 b6 5. Bd3 Bb7 6. f3 0-0 7. Nge2 Re8 8. e4 d6 9. a3 Bxc3+ 10. bxc3 e5 11. 0-0 Nbd7 12. Ng3 Nf8 13. Qc2 Ne6 14. Be3 a5 15. Rfd1 Nd7 16. Qc1 g6 17. Ra2 Qf6 18. Ne2 Qe7 19. Ng3 Qf6 20. Ne2 1/2-1/2

[Event "CRO-chT2a"]
[Site "Croatia"]
[Date "2009.04.26"]
[Round "6"]
[White "Bulic, Domagoj"]
[Black "Muslija, Idris"]
[Result "0-1"]
[WhiteElo "2193"]
[BlackElo "2208"]
[PlyCount "106"]
[EventDate "2009.04.04"]
[EventType "team-tourn"]
[EventRounds "9"]
[EventCountry "CRO"]
[SourceTitle "EXT 2010"]
[Source "ChessBase"]
[SourceDate "2010.11.25"]
[SourceVersion "1"]
[SourceVersionDate "2010.11.25"]
[SourceQuality "1"]

1. c4 e5 2. Nc3 Nf6 3. e4 c6 4. Nf3 d6 5. d3 Be7 6. Be2 0-0 7. 0-0 Nbd7 8. d4 Re8 9. dxe5 dxe5 10. h3 Qc7 11. Be3 Nc5 12. Qc2 a5 13. Rad1 h6 14. Rd2 Be6 15. Rfd1 Nfd7 16. Nd5 Qd8 17. Nxe5 Nxe5 18. Nf6+ gxf6 19. Rxd8 Raxd8 20. g3 Rxd1+ 21. Bxd1 Kh7 22. f4 Ned3 23. f5 Bc8 24. Qe2 Bf8 25. Qh5 Ne5 26. Qh4 Ncd7 27. Bh5 Bc5 28. Qf4 Bxe3+ 29. Qxe3 b6 30. Qd4 Nc5 31. a3 Kg7 32. b4 axb4 33. axb4 Ncd7 34. b5 cxb5 35. cxb5 Bb7 36. Kf2 Rc8 37. Be2 Rc2 38. Qa4 Rb2 39. Ke3 Nc5 40. Qa7 Rb3+ 41. Kf4 Ned7 42. Qa2 Rb4 43. Bc4 Bxe4 44. Ke3 Ne5 45. Bd5 Bxd5 46. Qxd5 Rxb5 47. Qa2 Rb3+ 48. Kf4 h5 49. Qe2 Rb2 50. Qf1 Rf2+ 51. Qxf2 Ncd3+ 52. Ke3 Nxf2 53. Kxf2 h4 0-1

[Event "Bujstina op"]
[Site "Buje"]
[Date "2009.01.29"]
[Round "1"]
[White "Bulic, Domagoj"]
[Black "Garic, Mario"]
[Result "1-0"]
[WhiteElo "2193"]
[BlackElo "1860"]
[PlyCount "93"]
[EventDate "2009.01.29"]
[EventType "swiss"]
[EventRounds "7"]
[EventCountry "CRO"]
[SourceTitle "EXT 2019"]
[Source "ChessBase"]
[SourceDate "2018.10.10"]
[SourceVersion "1"]
[SourceVersionDate "2018.10.10"]
[SourceQuality "1"]

1. c4 c6 2. Nc3 d5 3. d4 Nf6 4. e3 Bf5 5. f4 e6 6. Nf3 Nbd7 7. a3 Qc7 8. c5 b6 9. b4 a5 10. Bd2 axb4 11. axb4 Qb7 12. Be2 Be7 13. 0-0 b5 14. Rxa8+ Qxa8 15. Qa1 0-0 16. h3 Be4 17. Qb2 Qb7 18. Ra1 Ra8 19. Ra3 Rxa3 20. Qxa3 Bd8 21. Be1 Bxf3 22. Bxf3 Nb8 23. g4 Qa6 24. Qxa6 Nxa6 25. g5 Ne8 26. Ne2 f6 27. gxf6 gxf6 28. e4 f5 29. exf5 exf5 30. Bd2 Ng7 31. Kf2 Kf7 32. Ke3 Kg6 33. Nc1 Nb8 34. Be1 Be7 35. Nd3 Nd7 36. Ne5+ Nxe5 37. dxe5 Bd8 38. Bg3 Be7 39. Bxd5 cxd5 40. Kd4 Ne6+ 41. Kxd5 Kf7 42. Kc6 Nd4+ 43. Kd7 Bxc5 44. bxc5 b4 45. Be1 b3 46. Bc3 Ne2 47. e6+ 1-0

[Event "Buje"]
[Site "Buje"]
[Date "2008.01.19"]
[Round "1"]
[White "Juras, Zvonko"]
[Black "Bulic, Domagoj"]
[Result "1/2-1/2"]
[WhiteElo "1969"]
[BlackElo "2195"]
[PlyCount "109"]
[EventDate "2008.01.19"]
[EventType "tourn"]
[EventRounds "7"]
[EventCountry "CRO"]
[SourceTitle "EXT 2010"]
[Source "ChessBase"]
[SourceDate "2010.11.25"]
[SourceVersion "1"]
[SourceVersionDate "2010.11.25"]
[SourceQuality "1"]

1. e4 c6 2. d4 d5 3. e5 Bf5 4. Bd3 Bxd3 5. Qxd3 e6 6. Ne2 Qb6 7. 0-0 c5 8. b3 Nc6 9. c3 cxd4 10. cxd4 Nge7 11. Nbc3 Nf5 12. Nxd5 Qd8 13. Ne3 Nfxd4 14. Nxd4 Qxd4 15. Qxd4 Nxd4 16. Rd1 Bc5 17. Bb2 Rd8 18. Kf1 b5 19. Rac1 Bb6 20. Ba3 f6 21. Bd6 fxe5 22. Bxe5 0-0 23. Bc7 Bxc7 24. Rxc7 Rf7 25. Rdc1 a6 26. R1c5 Rxc7 27. Rxc7 Rd6 28. f3 h5 29. Kf2 Kh7 30. g4 hxg4 31. fxg4 Nc6 32. Kf3 Kg6 33. h4 Kf6 34. g5+ Kg6 35. Ng4 Kh5 36. Rxg7 Nd4+ 37. Kf4 Ne2+ 38. Kf3 Ng1+ 39. Kg2 Kxg4 40. Kxg1 Kxh4 41. Kf1 Kg4 42. Ke2 Kf5 43. Ke3 e5 44. Rg8 Rc6 45. Kd3 e4+ 46. Kd2 Kf4 47. Rf8+ Kxg5 48. Ke3 Rc2 49. Kxe4 Rxa2 50. Kd3 a5 51. Kc3 b4+ 52. Kc4 Ra3 53. Rf3 Kg4 54. Rf1 Kg3 55. Rf8 1/2-1/2